Laurel and Hardy Filmography - Statistics

General Stats
  • This quiz has been taken 201 times
  • The average score is 47 of 107
Answer Stats
Type Year Name % Correct
Film 1937 Way Out West
84%
Short Film 1930 Brats
77%
Film 1931 Pardon Us
73%
Film 1933 Sons of the Desert
73%
Film 1940 Saps at Sea
71%
Short Film 1932 The Music Box
71%
Film 1951 Atoll K
70%
Film 1939 A Chump at Oxford
69%
Short Film 1930 Blotto
68%
Short Film 1930 Laughing Gravy
67%
Film 1938 Swiss Miss
67%
Short Film 1935 Tit for Tat
67%
Short Film 1931 Be Big!
65%
Film 1941 Great Guns
65%
Short Film 1921 The Lucky Dog
65%
Short Film 1934 Them Thar Hills
63%
Film 1936 Our Relations
60%
Film 1938 Block-Heads
59%
Film 1935 Bonnie Scotland
59%
Short Film 1932 Scram!
59%
Short Film 1932 The Chimp
59%
Film 1932 Pack Up Your Troubles
58%
Short Film 1930 Another Fine Mess
57%
Film 1934 Babes in Toyland
57%
Film 1936 The Bohemian Girl
57%
Short Film 1930 Below Zero
56%
Short Film 1933 The Midnight Patrol
56%
Short Film 1932 Towed in a Hole
56%
Short Film 1929 Big Business
55%
Film 1939 The Flying Deuces
55%
Short Film 1932 Any Old Port!
54%
Short Film 1933 Dirty Work
54%
Short Film 1931 One Good Turn
54%
Short Film 1933 Twice Two
54%
Short Film 1929 Unaccustomed As We Are
54%
Film 1943 Jitterbugs
53%
Short Film 1933 Me and My Pal
53%
Short Film 1927 Duck Soup
52%
Short Film 1929 Berth Marks
51%
Short Film 1933 Busy Bodies
51%
Short Film 1931 Come Clean
51%
Short Film 1932 Helpmates
51%
Short Film 1934 Oliver the Eighth
51%
Short Film 1929 Perfect Day
51%
Film 1945 The Bullfighters
49%
Short Film 1931 Chickens Come Home
48%
Short Film 1928 From Soup to Nuts
48%
Short Film 1934 The Live Ghost
47%
Short Film 1931 Our Wife
46%
Film 1943 The Dancing Masters
46%
Film 1942 A-Haunting We Will Go
45%
Short Film 1929 Angora Love
45%
Short Film 1932 County Hospital
45%
Short Film 1934 Going Bye-Bye!
45%
Short Film 1930 Hog Wild
44%
Short Film 1930 Night Owls
44%
Short Film 1935 The Fixer Uppers
44%
Short Film 1929 Men O' War
43%
Short Film 1927 Sailors, Beware!
43%
Short Film 1928 Habeas Corpus
42%
Short Film 1929 The Hoose-Gow
42%
Short Film 1932 Their First Mistake
42%
Short Film 1935 Thicker Than Water
42%
Short Film 1927 Putting Pants on Philip
41%
Short Film 1930 The Laurel-Hardy Murder Case
41%
Short Film 1926 45 Minutes from Hollywood
40%
Short Film 1927 Slipping Wives
40%
Film 1943 Air Raid Wardens
38%
Short Film 1931 Beau Hunks
38%
Short Film 1927 Do Detectives Think?
38%
Short Film 1927 The Battle of the Century
37%
Short Film 1928 We Faw Down
35%
Short Film 1927 The Second Hundred Years
33%
Short Film 1928 Two Tars
33%
Short Film 1928 You're Darn Tootin'
33%
Short Film 1928 Should Married Men Go Home?
32%
Film 1933 The Devil's Brother
32%
Short Film 1929 They Go Boom
32%
Short Film 1929 Bacon Grabbers
31%
Film 1944 The Big Noise
31%
Short Film 1942 The Tree in a Test Tube
31%
Short Film 1927 With Love and Hisses
31%
Film 1944 Nothing but Trouble
30%
Film 1929 The Hollywood Revue of 1929
30%
Short Film 1927 Call of the Cuckoo
29%
Film 1937 Pick a Star
29%
Film 1934 Hollywood Party
27%
Short Film 1927 Hats Off
26%
Short Film 1936 On the Wrong Trek
26%
Short Film 1928 Leave 'Em Laughing
25%
Short Film 1929 Liberty
24%
Short Film 1927 Why Girls Love Sailors
24%
Short Film 1927 Love 'em and Weep
23%
Short Film 1931 On the Loose
23%
Short Film 1933 Wild Poses
23%
Short Film 1928 Flying Elephants
21%
Short Film 1931 The Stolen Jools
21%
Short Film 1929 Double Whoopee
20%
Short Film 1928 Their Purple Moment
20%
Film 1930 The Rogue Song
19%
Short Film 1936 Galaxy of Stars
18%
Short Film 1928 The Finishing Touch
18%
Short Film 1929 That's My Wife
15%
Short Film 1928 Early to Bed
14%
Short Film 1929 Wrong Again
14%
Short Film 1927 Now I'll Tell One
13%
Short Film 1927 Sugar Daddies
10%
No matching quizzes found
Score Distribution
Percent of People with Each Score
Percentile by Number Answered
Your Score History
You have not taken this quiz